[Event "POL-chT4B 0910"]
[Site "Wielkoposka"]
[Date "2010.03.07"]
[Round "6"]
[White "Krzewinski, Dariusz"]
[Black "Oleksy, Krzysztof"]
[Result "0-1"]
[WhiteElo "1800"]
[BlackElo "1949"]
[PlyCount "86"]
[EventDate "2010.01.10"]
[EventType "team-tourn"]
[EventRounds "9"]
[EventCountry "POL"]
[SourceTitle "EXT 2019"]
[Source "ChessBase"]
[SourceDate "2018.10.10"]
[SourceVersion "1"]
[SourceVersionDate "2018.10.10"]
[SourceQuality "1"]
[WhiteTeam "Konin Hetman III"]
[BlackTeam "Turek Tecza"]
[WhiteTeamCountry "POL"]
[BlackTeamCountry "POL"]

1. c4 e5 2. Nc3 Nf6 3. g3 c6 4. Bg2 d6 5. e4 Be7 6. Nge2 0-0 7. 0-0 Bg4 8. h3 Be6 9. d3 Nbd7 10. Rb1 Qc8 11. Kh2 Nb6 12. f4 exf4 13. Nxf4 Qd7 14. Nxe6 fxe6 15. Be3 Rad8 16. Bxb6 axb6 17. Qb3 Qc7 18. Rbe1 d5 19. cxd5 Bd6 20. Ne2 exd5 21. exd5 Nh5 22. dxc6+ Kh8 23. d4 bxc6 24. Rxf8+ Rxf8 25. Rf1 Re8 26. Qf3 g6 27. Nf4 Nxg3 28. Qxg3 Rf8 29. Nxg6+ hxg6 30. Rxf8+ Kg7 31. Rf3 Bxg3+ 32. Rxg3 Qf4 33. a3 Qxd4 34. b4 c5 35. bxc5 bxc5 36. Rg4 Qe5+ 37. Kh1 Qc3 38. a4 c4 39. Bf1 Qf3+ 40. Bg2 Qd1+ 41. Kh2 c3 42. Be4 Qd2+ 43. Kg1 g5 0-1